Music Quiz

Random Music or Lyrics Quiz

Name the Song From the Lyrics Quiz Stats

 Plays Quiz not verified by Sporcle

Challenge
Share
Tweet
Embed
Score 0/30 Timer 05:00
0 Plays Today
Lyric Song Title % Correct
Suddenly I'm not half the man I used to be, there's a shadow hanging over meYesterday
68%
Beauty queen of only eighteen, she had some trouble with herselfShe Will Be Loved
56%
If you want it, come and get it, crying out loud, the love that I was giving you was never in doubtBabylon
44%
Bless your soul, you got your head in the clouds, she made a fool out of you and boy she's bringing you downRumour Has It
40%
Since you've gone I been lost without a traceEvery Breath You Take
40%
The ice age is coming, the sun is zooming inLondon Calling
40%
It's empty in the valley of your heartThe Cave
36%
We'll be fighting in the streets, with our children at our feetWon't Get Fooled Again
32%
I don't drink coffee, I take tea my dearEnglishman In New York
32%
I sold my soul for the second time, cos the man, he don't pay meThe Importance Of Being Idle
32%
There's not a soul out there, no-one to hear my prayerGimme Gimme Gimme (A Man After Midnight)
32%
I was June and you were my Johnny CashThe One That Got Away
28%
It's been a long time since I came around, been a long time but I'm back in townYou And I
28%
She eyes me like a Pisces when I am weakHeart Shaped Box
28%
Message just keep getting clearer, radio's on and I'm moving round the placeDancing In The Dark
28%
Lyric Song Title % Correct
I want to reconcile the violence in your heartUndisclosed Desires
24%
Lord I need to find, someone who can heal my mindTender
24%
Got some money and I can't wait, at six o'clock I'm out of hereLiving For The Weekend
24%
Woke up in London yesterday, found myself in the city near PiccadillyGood Life
24%
And that's what takes me high (higher than before)It Feels So Good
16%
I will love you till the end of time, I would wait a million yearsBlue Jeans
16%
Me and you, God only knows it's not what we would choose to doUs And Them
16%
My baby moves at midnight, goes right on till the dawnYou Should Be Dancing
16%
Better think twice, your train of thought will be alteredDisturbia
12%
This could be the very minute I'm aware I'm aliveChocolate
12%
Bless this mess, we tried our best, that's all we can doFader
12%
Your kisses lift me higher, like the sweet song of a choirBurning Love
8%
Please let me take you, out of the darkness and into the lightLullaby
8%
I'm gonna tell you there's no black and no whiteOne Vision
8%
You were looking so good girl, heads were turningRunning With The Night
0%

You're not logged in!

Compare scores with friends on all Sporcle quizzes.
Join for Free
OR
Log In

You Might Also Like...

Show Comments

Extras

Created Aug 18, 2012ReportNominate
Tags:Lyrics Quiz

Top Quizzes Today


Score Distribution

Your Account Isn't Verified!

In order to create a playlist on Sporcle, you need to verify the email address you used during registration. Go to your Sporcle Settings to finish the process.

Report this User

Report this user for behavior that violates our Community Guidelines.

Details: